00446cam a2200157ua 45000010005000000080039000050400009000440820011000531000032000642450076000962500009001722600044001813000023002256530014002486530026002621934110811n ii |||gr||||Z||||||eng cMAIN a371.26 aPatel, Rambhai N.,eAuthor.1 aEducational evaluation : btheory and practice / cby Rambhai N. Patel  a3rd. aBombay:bHimalaya publishing house,989. a vii; 304p:c23cm. aEducation aEducational education